| 000 | 00844nam a2200241 a 4500 | ||
|---|---|---|---|
| 005 | 20230323063543.0 | ||
| 008 | 060609s2003 mx r 000 0 spa d | ||
| 020 | _a9707290153 | ||
| 035 | _aUPN01000145313 | ||
| 049 | _aCG | ||
| 050 | 4 |
_aRC521 _bA7.2 |
|
| 100 | 1 | _aArango Lasprilla, Juan Carlos | |
| 245 | 1 | 4 |
_aLas demencias : _baspectos clínicos, neuropsicológicos y tratamiento / _cJuan Carlos Arango Lasprilla, Sara Fernández Guinea, Alfredo Ardila ; ed. José Luis Morales Saavedra. |
| 260 |
_aMéxico : _bEl Manual Moderno, _cc2003. |
||
| 300 |
_a464 p. : _bil. |
||
| 650 | 2 |
_aDemencia _95846 |
|
| 650 | 7 |
_aLocura _2 _98401 |
|
| 650 | 4 |
_aCEREBRO - _xENFERMEDADES _99622 |
|
| 700 | 1 |
_aFernández Guinea, Sara, _ecoaut. |
|
| 700 | 1 |
_aArdila, Alfredo _ecoaut. _932892 |
|
| 700 | 1 |
_aMorales Saavedra, José Luis, _eed. |
|
| 905 | _aLibro | ||
| 999 |
_c117459 _d117459 |
||